[Event "World Youth Girl U18 2016"]
[Site "Khanty-Mansiysk RUS"]
[Date "2016.09.30"]
[Round "8.6"]
[White "Abdusattorova, Bakhora"]
[Black "Santeramo, Alessia"]
[Result "1-0"]
[WhiteTitle "WFM"]
[BlackTitle "WFM"]
[WhiteElo "2177"]
[BlackElo "2001"]
[WhiteFideId "14204126"]
[BlackFideId "850810"]
[EventDate "2016.09.22"]

1. d4 Nf6 2. Bf4 e6 3. e3 c5 4. Nf3 Qb6 5. Nc3 d5 6. a3 cxd4 7. exd4 Be7 8. Bd3
Bd7 9. O-O a6 10. b3 Nc6 11. Ne2 h6 12. Re1 Rc8 13. Ne5 Nxe5 14. Bxe5 O-O 15. c4
dxc4 16. bxc4 Qa5 17. a4 Bb4 18. Rf1 Ng4 19. Bg3 Bc6 20. Bc2 Nf6 21. Be5 Ne4 22.
Ng3 Nxg3 23. Qg4 Ne2+ 24. Qxe2 Qd8 25. Rad1 Qg5 26. d5 exd5 27. cxd5 Bd7 28. Bb1
Bc5 29. Kh1 Qh4 30. Qb2 Qb4 31. Bxg7 Qxb2 32. Bxb2 Bxa4 33. Rd3 Bd6 34. f4 f6
35. Rg3+ Kf7 36. Rg6 Bc2 37. Rxf6+ Ke7 38. Re6+ Kd7 39. Rxd6+ Kxd6 40. Ba3+ Kxd5
41. Bxc2 Rfe8 42. Bb3+ Kd4 43. f5 Re3 44. Bb2+ Ke4 45. Ba2 b5 46. f6 Re2 47. Be6
Rf8 48. Bc3 Kd3 49. Bb4 Rb8 50. Bg4 a5 51. Bxe2+ Kxe2 52. Re1+ Kf2 53. Bxa5 b4
54. Rb1 b3 55. f7 Rf8 56. Rb2+ Kf1 57. Rxb3 Rxf7 58. Rf3+ 1-0

[Event "World Youth Girl U18 2016"]
[Site "Khanty-Mansiysk RUS"]
[Date "2016.09.30"]
[Round "8.7"]
[White "Krasnokutskaya, Sofiya"]
[Black "Hu, Yu A."]
[Result "1/2-1/2"]
[WhiteElo "2086"]
[BlackElo "2049"]
[WhiteFideId "14150735"]
[BlackFideId "8609993"]
[EventDate "2016.09.22"]

1. e4 c5 2. Nf3 Nc6 3. d4 cxd4 4. Nxd4 g6 5. Nc3 Bg7 6. Be3 Nf6 7. Bc4 O-O 8.
Bb3 d6 9. h3 Bd7 10. O-O Rc8 11. f4 a6 12. a4 Qa5 13. Nd5 Nxd5 14. exd5 Nxd4 15.
Bxd4 Bxd4+ 16. Qxd4 Bf5 17. Rf2 Qc5 18. Qxc5 Rxc5 19. Re1 Re8 20. Rfe2 Kf8 21.
g4 Bd7 22. Kf2 b5 23. a5 f5 24. gxf5 Bxf5 25. Kg3 Rc7 26. Rd1 Rec8 27. c3 b4 1/2-1/2

[Event "World Youth Girl U18 2016"]
[Site "Khanty-Mansiysk RUS"]
[Date "2016.09.30"]
[Round "8.8"]
[White "Mahalakshmi, M"]
[Black "Kanakova, Natalie"]
[Result "1-0"]
[WhiteTitle "WIM"]
[WhiteElo "2221"]
[BlackElo "2175"]
[WhiteFideId "5001080"]
[BlackFideId "350486"]
[EventDate "2016.09.22"]

1. d4 Nf6 2. c4 e6 3. Nc3 Bb4 4. Qb3 c5 5. dxc5 Na6 6. a3 Bxc3+ 7. Qxc3 Nxc5 8.
b4 Nce4 9. Qc2 d5 10. e3 Ng4 11. Nh3 Ne5 12. Bb2 Qc7 13. c5 O-O 14. f3 Nf6 15.
Qc3 Nc6 16. b5 Na5 17. Rc1 Re8 18. Qe5 Qxe5 19. Bxe5 Nd7 20. Bd6 e5 21. Bd3 Nf6
22. Bc7 Bxh3 23. gxh3 Nb3 24. Rc3 Rac8 25. b6 Nxc5 26. Rxc5 axb6 27. Rc3 d4 28.
Rc2 Nd5 29. Bd6 Rxc2 30. Bxc2 Nxe3 31. Bb3 Nf5 32. Bb4 g6 33. Kd2 Rc8 34. Rc1
Rxc1 35. Kxc1 Kg7 36. Bd5 Ne3 37. Bxb7 Kf6 38. Bc8 Kg5 39. Kd2 Kf4 40. Ke2 f5
41. Bd2 e4 42. fxe4 Kxe4 43. Bb7+ Nd5 44. Bxd5+ Kxd5 45. Kd3 Ke5 46. a4 h5 47.
Bh6 Kd5 48. Bg7 Kc5 49. Bxd4+ Kb4 50. Bxb6 Kxa4 51. Ke3 Kb5 52. Ba7 Kc4 53. Kf4
Kd3 54. Kg5 Ke2 55. Kxg6 f4 56. Kxh5 f3 57. Kg4 f2 58. Bxf2 Kxf2 59. h4 1-0

[Event "World Youth Girl U18 2016"]
[Site "Khanty-Mansiysk RUS"]
[Date "2016.09.30"]
[Round "8.9"]
[White "Drogovoz, Irina"]
[Black "Gazikova, Veronika"]
[Result "1-0"]
[WhiteTitle "WIM"]
[BlackTitle "WFM"]
[WhiteElo "2144"]
[BlackElo "2213"]
[WhiteFideId "4176715"]
[BlackFideId "14919311"]
[EventDate "2016.09.22"]

1. d4 d6 2. Nf3 Nd7 3. c4 e5 4. e4 Ngf6 5. Nc3 Be7 6. h3 O-O 7. Be2 c6 8. Be3 a6
9. Qc2 Qc7 10. Rc1 Qb8 11. O-O b5 12. Rfd1 Bb7 13. Bg5 h6 14. Bh4 Re8 15. a3 Qa7
16. Bxf6 Nxf6 17. dxe5 dxe5 18. Nxe5 Bc5 19. Nd3 Bd4 20. e5 Bxe5 21. Nxe5 Rxe5
22. Rd2 Rae8 23. Rcd1 Qb6 24. b4 c5 25. cxb5 Rg5 26. Bf1 cxb4 27. Na4 Qe6 28.
Nc5 b3 29. Qc1 Rxc5 30. Qxc5 Ne4 31. Qb4 Nxd2 32. Rxd2 axb5 33. Re2 Qc6 34.
Rxe8+ Qxe8 35. Qxb3 Bc6 36. Qb4 Qe5 37. Qa5 Qd4 38. Qc7 Qc5 39. Bd3 g6 40. Be4
Qxa3 41. Qxc6 1-0

[Event "World Youth Girl U18 2016"]
[Site "Khanty-Mansiysk RUS"]
[Date "2016.09.30"]
[Round "8.10"]
[White "Nguyen, Thanh Thuy Tien"]
[Black "Vidic, Teja"]
[Result "1-0"]
[WhiteTitle "WIM"]
[BlackTitle "WFM"]
[WhiteElo "1978"]
[BlackElo "2121"]
[WhiteFideId "12400998"]
[BlackFideId "14605511"]
[EventDate "2016.09.22"]

1. c4 e5 2. Nc3 Nf6 3. g3 d5 4. cxd5 Nxd5 5. Bg2 Nb6 6. Nf3 Nc6 7. O-O Be7 8. a3
O-O 9. b4 Be6 10. d3 f6 11. Bb2 Qd7 12. Rc1 a5 13. b5 Nd4 14. Nxd4 exd4 15. Nb1
Qxb5 16. Bxd4 c6 17. Nc3 Qa6 18. Rb1 Nd7 19. Qc1 Rab8 20. Qe3 c5 21. Bd5 Bxd5
22. Nxd5 cxd4 23. Qxe7 Rfd8 24. Nc7 Qc6 25. Ne6 1-0

[Event "World Youth Girl U18 2016"]
[Site "Khanty-Mansiysk RUS"]
[Date "2016.09.30"]
[Round "8.11"]
[White "Fuentes Godoy, Lilia Ivonne"]
[Black "Marjina, Arina"]
[Result "1-0"]
[WhiteTitle "WIM"]
[BlackTitle "WFM"]
[WhiteElo "2142"]
[BlackElo "2076"]
[WhiteFideId "5104130"]
[BlackFideId "34100242"]
[EventDate "2016.09.22"]

1. d4 Nf6 2. c4 e5 3. dxe5 Ng4 4. Nf3 Bc5 5. e3 Nc6 6. Nc3 O-O 7. Be2 Ngxe5 8.
O-O Re8 9. Nxe5 Nxe5 10. b3 a5 11. Bb2 Ra6 12. Ne4 Ba7 13. Qd5 Rae6 14. c5 Bb8
15. f4 c6 16. Qd4 Rh6 17. Nd6 Bxd6 18. cxd6 c5 19. Qc3 Qh4 20. h3 Rg6 21. fxe5
Qxh3 22. Rf2 b6 23. Qc4 Rf8 24. Bf3 Kh8 25. Kf1 Qh6 26. Qf4 Ba6+ 27. Ke1 Rg5 28.
e6 dxe6 29. d7 e5 30. Qxf7 1-0

[Event "World Youth Girl U18 2016"]
[Site "Khanty-Mansiysk RUS"]
[Date "2016.09.30"]
[Round "8.12"]
[White "Unuk, Laura"]
[Black "Parhomenko, Margarita"]
[Result "1-0"]
[WhiteTitle "WIM"]
[WhiteElo "2332"]
[BlackElo "1940"]
[WhiteFideId "14609215"]
[BlackFideId "11603216"]
[EventDate "2016.09.22"]

1. d4 c5 2. d5 g6 3. e4 Bg7 4. c4 d6 5. Nc3 Bxc3+ 6. bxc3 f5 7. exf5 Bxf5 8. Bd3
Qa5 9. Ne2 Bxd3 10. Qxd3 Nd7 11. O-O O-O-O 12. Nf4 Ne5 13. Qh3+ Rd7 14. Re1 Qa4
15. Ne6 Nf6 16. Bh6 Qxc4 17. Nf8 Rxf8 18. Bxf8 Nxd5 19. Bg7 Nd3 20. Red1 N5f4
21. Qe3 Qd5 22. Qf3 Qxf3 23. gxf3 c4 24. Kf1 Nd5 25. Rd2 e5 26. Bh6 N5f4 27. a4
d5 28. a5 Ne6 29. Rb1 Nec5 30. Bf8 Na4 31. Rc2 Rf7 32. Bh6 Rxf3 33. Rb5 Nac5 34.
Be3 Nb3 35. Rxd5 a6 36. Bb6 Rf8 37. Ra2 Re8 38. Ra4 Nb2 39. Rb4 Kb8 40. Kg2 Kc8
41. Kg3 Kb8 42. Rd7 Rc8 43. Ba7+ Ka8 44. Rbxb7 Na4 45. Bd4 Re8 46. Ra7+ Kb8 47.
Rdb7+ Kc8 48. Bb6 Nxc3 49. Rxh7 Kb8 50. Rxa6 Nd5 51. Ba7+ Kc8 52. Rc6+ Kd8 53.
Rd6+ Kc8 54. Rxd5 1-0

[Event "World Youth Girl U18 2016"]
[Site "Khanty-Mansiysk RUS"]
[Date "2016.09.30"]
[Round "8.13"]
[White "Mamontova, Anastasia"]
[Black "Wozniak, Mariola"]
[Result "1-0"]
[WhiteTitle "WFM"]
[BlackTitle "WIM"]
[WhiteElo "2021"]
[BlackElo "2246"]
[WhiteFideId "34100234"]
[BlackFideId "1152050"]
[EventDate "2016.09.22"]

1. d4 Nf6 2. c4 d6 3. Nc3 Nbd7 4. Nf3 e5 5. Bg5 Be7 6. e3 O-O 7. Qc2 c6 8. Bd3
h6 9. Bh4 Re8 10. Bg3 exd4 11. Nxd4 Nc5 12. Nf5 Bf8 13. Rd1 Nxd3+ 14. Qxd3 Bxf5
15. Qxf5 Qb6 16. Rd2 Rad8 17. O-O Qb4 18. Rfd1 Qxc4 19. Bxd6 Bxd6 20. Rxd6 Rxd6
21. Rxd6 Nd5 22. Qd7 Re5 23. Qxb7 Nxc3 24. bxc3 Rb5 25. Qc8+ Kh7 26. h3 Qxa2 27.
Qxc6 Rf5 28. f4 a5 29. Qe4 g6 30. Qd4 Qb1+ 31. Kh2 g5 32. Rd8 Kg6 33. Rg8+ Kh5
34. g4+ Kh4 35. Qd2 Qf1 36. gxf5 Qxh3+ 37. Kg1 Qg3+ 38. Qg2 Qe1+ 39. Kh2 Qxe3
40. Rxg5 1-0

[Event "World Youth Girl U18 2016"]
[Site "Khanty-Mansiysk RUS"]
[Date "2016.09.30"]
[Round "8.14"]
[White "Jibuti, Nata"]
[Black "Yakimenko, Viktoria"]
[Result "1/2-1/2"]
[WhiteTitle "WFM"]
[WhiteElo "1865"]
[BlackElo "2160"]
[WhiteFideId "13603094"]
[BlackFideId "24174998"]
[EventDate "2016.09.22"]

1. e4 c5 2. Nf3 d6 3. c3 Nf6 4. Be2 Bd7 5. d3 Nc6 6. O-O g6 7. Re1 Bg7 8. Bf1 e5
9. d4 Qe7 10. d5 Nd8 11. a4 O-O 12. Na3 h6 13. Nc4 b6 14. h3 Ne8 15. Nh2 Rb8 16.
Qc2 f6 17. f4 exf4 18. Bxf4 Nf7 19. Qd2 Kh7 20. Be2 Ne5 21. Bg3 Bc8 22. Nxe5
fxe5 23. Rf1 Nf6 24. Qd3 Qe8 25. b3 a6 26. Rf2 b5 27. axb5 Rxb5 28. c4 Rb6 29.
Raf1 Bd7 30. Ng4 Bxg4 31. Bxg4 Nxg4 32. Rxf8 Bxf8 33. hxg4 Be7 34. Rf3 Kg7 35.
Qf1 Bg5 36. Qf2 Qb8 37. Bh4 Bxh4 38. Qxh4 Rb7 39. Qf6+ Kh7 40. Qe6 Rg7 41. g5 h5
42. g4 Qd8 43. Rf6 Qa5 44. gxh5 Qe1+ 45. Kh2 Qe2+ 46. Kg3 Qe3+ 47. Kh2 Qd2+ 48.
Kh1 Qc1+ 49. Kh2 Qd2+ 50. Kh1 Qe1+ 51. Kh2 Qd2+ 52. Kh1 Qd1+ 53. Kg2 Qe2+ 54.
Kg3 Qe3+ 55. Kh2 Qd2+ 1/2-1/2

[Event "World Youth Girl U18 2016"]
[Site "Khanty-Mansiysk RUS"]
[Date "2016.09.30"]
[Round "8.15"]
[White "Yolal, Sena Gokcen"]
[Black "Shivacheva, Donika"]
[Result "0-1"]
[WhiteElo "1737"]
[BlackElo "2063"]
[WhiteFideId "6337031"]
[BlackFideId "2900840"]
[EventDate "2016.09.22"]

1. e4 e5 2. Nf3 Nc6 3. Bc4 Nf6 4. d3 Be7 5. c3 d5 6. exd5 Nxd5 7. h3 O-O 8. O-O
Nb6 9. Bb5 f6 10. Nbd2 a6 11. Bxc6 bxc6 12. d4 Bd6 13. Ne4 exd4 14. Qxd4 Bb7 15.
Nc5 Bxc5 16. Qxc5 Qd5 17. Be3 Nd7 18. Qxd5+ cxd5 19. Nd4 Rfe8 20. Nb3 Ne5 21.
Na5 Bc8 22. Rad1 Be6 23. Bd4 Bf7 24. Rfe1 Bh5 25. Ra1 Nd3 26. Rxe8+ Rxe8 27. b4
Re2 28. Nc6 Be8 29. Nb8 Bb5 30. a4 Bc4 31. Nc6 Nb2 32. Na5 Bd3 33. Nb7 Bc4 34.
Na5 Bd3 35. Nc6 Nc4 36. Nb8 Nd6 37. Nd7 Bc4 38. Nc5 Nf5 39. Rd1 Nxd4 40. Rxd4
Rc2 41. Ne6 c6 42. Nd8 Rxc3 43. Nxc6 Kf7 44. Na7 Ke6 45. Rh4 h6 46. Nc6 Kd6 47.
Nd4 Bd3 48. Rg4 Rc4 49. b5 h5 50. Nf5+ Bxf5 51. Rxg7 Rxa4 52. bxa6 Rxa6 53. g4
hxg4 54. h4 d4 0-1

[Event "World Youth Girl U18 2016"]
[Site "Khanty-Mansiysk RUS"]
[Date "2016.09.30"]
[Round "8.16"]
[White "Fiadosenka, Rahneda"]
[Black "Lingur, Zalina"]
[Result "1/2-1/2"]
[BlackTitle "WFM"]
[WhiteElo "2059"]
[BlackElo "1986"]
[WhiteFideId "13503740"]
[BlackFideId "34165670"]
[EventDate "2016.09.22"]

1. Nf3 c5 2. g3 Nc6 3. Bg2 g6 4. O-O Bg7 5. e4 e6 6. c3 Nge7 7. d3 O-O 8. Be3 b6
9. d4 cxd4 10. Nxd4 Ba6 11. Re1 Ne5 12. Na3 Nc4 13. Nxc4 Bxc4 14. Qa4 Qc8 15.
Rad1 h6 16. b3 Ba6 17. c4 Nc6 18. Nb5 Bxb5 19. cxb5 Ne5 20. Bd4 Qc2 21. Rc1 Qd2
22. Be3 Qb2 23. Rb1 Qc2 24. Rbc1 Qb2 25. Rcd1 Rfc8 26. Rb1 Qc2 27. Rbc1 Qb2 28.
Rxc8+ Rxc8 29. Qxa7 Rc2 30. Qxb6 Ng4 31. Rd1 Nxe3 32. Qxe3 Re2 33. Qc1 Qxa2 34.
Qb1 Qa7 35. Rf1 Bd4 36. Qd3 Rb2 37. h4 Bxf2+ 38. Kh2 Bb6 39. Qf3 d6 40. Qf6 Rxb3
41. h5 g5 42. e5 d5 43. Bxd5 Rb2+ 44. Kh1 Rf2 45. Rxf2 Bxf2 46. Kg2 exd5 47.
Qxf2 Qb7 48. Qc5 d4+ 49. Qc6 Qa7 50. b6 Qa2+ 51. Kh3 Qe2 52. b7 Qxh5+ 53. Kg2
Qe2+ 54. Kg1 Qe1+ 55. Kh2 Qe2+ 56. Kg1 Qe1+ 57. Kh2 Qe2+ 58. Qg2 Qh5+ 59. Qh3
Qe2+ 1/2-1/2

[Event "World Youth Girl U18 2016"]
[Site "Khanty-Mansiysk RUS"]
[Date "2016.09.30"]
[Round "8.17"]
[White "Trippold, Denise"]
[Black "Suchomelova, Simona"]
[Result "0-1"]
[WhiteTitle "WFM"]
[WhiteElo "2068"]
[BlackElo "1958"]
[WhiteFideId "1625594"]
[BlackFideId "348864"]
[EventDate "2016.09.22"]

1. d4 Nf6 2. c4 g6 3. Nc3 Bg7 4. e4 d6 5. h3 O-O 6. Nf3 e5 7. d5 a5 8. Be3 Na6
9. g4 Nc5 10. Nd2 b6 11. Be2 Bd7 12. g5 Ne8 13. h4 c6 14. h5 cxd5 15. cxd5 Rc8
16. Kf1 Qe7 17. Nb3 f5 18. h6 Bh8 19. Nxc5 bxc5 20. Rg1 Rb8 21. b3 Nc7 22. Bxc5
Nb5 23. Nxb5 Bxb5 24. Bxb5 Rxb5 25. Be3 fxe4 26. a4 Rb4 27. Rc1 Qb7 28. Rc3 Rd4
29. Bxd4 exd4 30. Rc6 Be5 31. Qg4 e3 32. Rg2 Qxb3 33. Qe6+ Kh8 34. Rc1 Qd3+ 35.
Kg1 exf2+ 36. Rxf2 Qg3+ 37. Rg2 Qe3+ 38. Kh1 Qxc1+ 39. Rg1 Qc8 40. Rb1 Qxe6 41.
dxe6 d3 42. Rd1 Re8 43. Rxd3 Rxe6 44. Rb3 Kg8 45. Rb7 Re8 46. Kg2 Bf4 47. Rb5
Re5 48. Rb8+ Kf7 49. Rh8 Rxg5+ 50. Kf3 Bd2 51. Rxh7+ Kg8 52. Rd7 Bb4 0-1

[Event "World Youth Girl U18 2016"]
[Site "Khanty-Mansiysk RUS"]
[Date "2016.09.30"]
[Round "8.18"]
[White "Yakimenko, Anastasia"]
[Black "Xiang, Evan"]
[Result "1/2-1/2"]
[BlackTitle "WFM"]
[WhiteElo "1983"]
[BlackElo "1948"]
[WhiteFideId "24174980"]
[BlackFideId "2005816"]
[EventDate "2016.09.22"]

1. Nf3 d5 2. g3 Bg4 3. Bg2 e6 4. c4 c6 5. Qb3 Qb6 6. O-O Nd7 7. d4 Ngf6 8. Nc3
Be7 9. Be3 a5 10. Ne5 Bf5 11. Qxb6 Nxb6 12. b3 Nbd7 13. cxd5 exd5 14. Bg5 Bb4
15. Nxd7 Nxd7 16. Bd2 O-O 17. a3 Bxc3 18. Bxc3 a4 19. bxa4 Rxa4 20. Bb4 Re8 21.
Rfe1 Nb6 22. f3 Bg6 23. e4 f6 24. Kf2 Nc4 25. exd5 cxd5 26. Rxe8+ Bxe8 27. Bf1
b5 28. Re1 Bf7 29. Bxc4 bxc4 30. h4 h5 31. Ke3 1/2-1/2

[Event "World Youth Girl U18 2016"]
[Site "Khanty-Mansiysk RUS"]
[Date "2016.09.30"]
[Round "8.19"]
[White "Auvray, Honorine"]
[Black "Uktamova, Marjona"]
[Result "0-1"]
[WhiteTitle "WFM"]
[WhiteElo "1961"]
[BlackElo "1542"]
[WhiteFideId "600512"]
[BlackFideId "14209128"]
[EventDate "2016.09.22"]

1. e4 c5 2. Nf3 d6 3. d4 cxd4 4. Nxd4 a6 5. Nc3 Nc6 6. Be3 Nf6 7. f3 g6 8. Qd2
Bg7 9. g4 h5 10. g5 Nd7 11. f4 Nxd4 12. Bxd4 e5 13. Be3 exf4 14. Bxf4 O-O 15.
Bxd6 Re8 16. O-O-O Qb6 17. Bc4 Ne5 18. Bb3 Be6 19. Bxe5 Bxe5 20. Nd5 Qc6 21.
Rhf1 Kg7 22. Rf2 a5 23. a3 a4 24. Ba2 Rad8 25. Kb1 Qb5 26. Qb4 Qxb4 27. axb4 b5
28. Rd3 Ra8 29. h4 Ra7 30. c3 Rd8 31. Rfd2 Rad7 32. b3 axb3 33. Bxb3 f5 34.
gxf6+ Bxf6 35. Rh2 Be5 36. Rg2 Bg4 37. Kc2 Rf8 38. Ne3 Rxd3 39. Kxd3 Rf3 40. Rc2
Bf4 41. Re2 Rh3 42. Re1 Bg3 43. Rf1 Bxh4 44. Rf7+ Kh6 45. Kd4 Be1 46. Rc7 Bf2
47. e5 Rxe3 48. Kd5 Rd3+ 49. Ke4 Bf5+ 0-1

[Event "World Youth Girl U18 2016"]
[Site "Khanty-Mansiysk RUS"]
[Date "2016.09.30"]
[Round "8.20"]
[White "Toshali, V"]
[Black "Albekova, Dilyara"]
[Result "1-0"]
[WhiteElo "1766"]
[BlackElo "1784"]
[WhiteFideId "5072611"]
[BlackFideId "13705628"]
[EventDate "2016.09.22"]

1. e4 d5 2. exd5 Nf6 3. d4 Nxd5 4. Nf3 Bg4 5. Be2 Nc6 6. c3 e6 7. O-O Be7 8.
Nbd2 O-O 9. Nc4 Bxf3 10. Bxf3 b5 11. Ne3 Na5 12. Bxd5 exd5 13. Qf3 c6 14. Nf5
Bf6 15. Bf4 Nc4 16. b3 Nb6 17. Qg3 Kh8 18. Rae1 Qd7 19. Ne3 g6 20. Ng4 Bg7 21.
Bd6 Rfe8 22. Be5 Qf5 23. Nh6 Qd7 24. Qf4 f5 25. g4 fxg4 26. Nxg4 Rf8 27. Bxg7+
Qxg7 28. Qe5 Qxe5 29. Nxe5 Rf6 30. Re3 Raf8 31. a4 bxa4 32. bxa4 Rc8 33. a5 Na4
34. Ra1 Nb2 35. Rb1 Nc4 36. Nxc4 dxc4 37. Rb7 Kg8 38. Ree7 h5 39. Rxa7 Rf3 40.
Rg7+ Kf8 41. Rh7 Kg8 42. Rag7+ Kf8 43. Rb7 Kg8 44. a6 Rxc3 45. a7 Ra3 46. Kf1
Ra2 47. Rhc7 Ra1+ 48. Kg2 Rxc7 49. Rxc7 c3 50. Rc8+ Kf7 51. a8=Q 1-0

[Event "World Youth Girl U18 2016"]
[Site "Khanty-Mansiysk RUS"]
[Date "2016.09.30"]
[Round "8.21"]
[White "Meskenaite, Rugile"]
[Black "Sit, Victoria"]
[Result "0-1"]
[WhiteElo "1709"]
[BlackElo "1768"]
[WhiteFideId "12806587"]
[BlackFideId "425524"]
[EventDate "2016.09.22"]

1. e4 c5 2. Nf3 Nc6 3. d4 cxd4 4. Nxd4 Qc7 5. Nc3 e6 6. g3 a6 7. Bg2 Nf6 8. O-O
Be7 9. Kh1 O-O 10. f4 d6 11. a3 Bd7 12. Qd3 Nxd4 13. Qxd4 Bc6 14. b3 b5 15. Bb2
Rac8 16. Rac1 Rfd8 17. Nd1 Bf8 18. Nf2 Qb7 19. Qe3 Nd7 20. Rfe1 f5 21. Nd3 a5
22. Re2 Re8 23. Rce1 e5 24. fxe5 Nxe5 25. Nxe5 dxe5 26. Qf2 b4 27. a4 fxe4 28.
Bxe4 Bxe4+ 29. Rxe4 Bc5 30. Qg2 Rf8 31. Rc4 Qd7 32. Rf1 Rxf1+ 33. Qxf1 Qd5+ 0-1

[Event "World Youth Girl U18 2016"]
[Site "Khanty-Mansiysk RUS"]
[Date "2016.09.30"]
[Round "8.22"]
[White "Liscinska, Jana"]
[Black "Oljobai Kyzy, Alisa"]
[Result "1/2-1/2"]
[WhiteElo "1712"]
[BlackElo "1672"]
[WhiteFideId "14928612"]
[BlackFideId "13801953"]
[EventDate "2016.09.22"]

1. c4 e5 2. Nc3 Nf6 3. Nf3 Nc6 4. e4 Bc5 5. Nxe5 Nxe5 6. d4 Bb4 7. dxe5 Nxe4 8.
Qf3 Nxc3 9. bxc3 Ba5 10. Qg3 Qe7 11. Be2 O-O 12. O-O Re8 13. Bf4 d6 14. Bh5 dxe5
15. Rfe1 e4 16. Rab1 c6 17. Rbd1 Bf5 18. Bh6 Bg6 19. Bxg6 hxg6 20. Bf4 Qe6 21.
c5 Qc4 22. Rd7 Qxc5 23. Rxb7 Qxc3 24. Qxc3 Bxc3 25. Rc1 Red8 26. h3 Bd2 27. Bxd2
Rxd2 28. Rxc6 a5 29. Rcc7 Rf8 30. Re7 Rxa2 31. Rxe4 Ra1+ 32. Kh2 Rf1 33. Kg3 Rc8
34. Ra7 Ra1 35. Ree7 Rf8 36. Re5 a4 37. Rea5 Rb8 38. Rxa4 Rxa4 39. Rxa4 g5 40.
h4 gxh4+ 41. Kxh4 1/2-1/2

[Event "World Youth Girl U18 2016"]
[Site "Khanty-Mansiysk RUS"]
[Date "2016.09.30"]
[Round "8.23"]
[White "Wu, Min"]
[Black "Methmani, Nelunika"]
[Result "1-0"]
[BlackTitle "WIM"]
[WhiteElo "1996"]
[BlackElo "1612"]
[WhiteFideId "1631969"]
[BlackFideId "9910050"]
[EventDate "2016.09.22"]

1. e4 c5 2. Nf3 e6 3. d3 Qc7 4. g3 Nc6 5. Bg2 g6 6. O-O Bg7 7. c3 e5 8. Be3 b6
9. a4 Nf6 10. Na3 O-O 11. Nd2 a6 12. Ndc4 Rb8 13. Bg5 b5 14. Bxf6 Bxf6 15. axb5
axb5 16. Ne3 Ne7 17. Qc2 d6 18. c4 b4 19. Nb5 Qb6 20. Nd5 Nxd5 21. exd5 Ba6 22.
Ra4 Bxb5 23. cxb5 Qxb5 24. Rfa1 Bd8 25. h4 Kg7 26. h5 Bb6 27. Bf3 Rfc8 28. b3
Qd7 29. Qc4 Bd8 30. Kg2 Qb5 31. Qc2 Rb7 32. Qd2 h6 33. hxg6 fxg6 34. Bg4 Rcb8
35. Be6 Bg5 36. Qe2 h5 37. Qe4 Rf8 38. Ra6 Rb6 39. R6a5 Qe8 40. Ra7+ Kh6 41. Rd7
Rf6 42. Raa7 Qh8 43. Qc4 Bd2 44. Rdc7 Bc3 45. Qh4 Rf8 46. Qe4 Rf6 47. Qe3+ g5
48. Qe4 Rg6 49. Rh7+ Qxh7 50. Rxh7+ Kxh7 51. Bf7 1-0

[Event "World Youth Girl U18 2016"]
[Site "Khanty-Mansiysk RUS"]
[Date "2016.09.30"]
[Round "8.24"]
[White "Alijanzadeh, Mohadeseh"]
[Black "Bandara, T B S H"]
[Result "1-0"]
[WhiteElo "1824"]
[BlackElo "1543"]
[WhiteFideId "12508632"]
[BlackFideId "9918477"]
[EventDate "2016.09.22"]

1. e4 e5 2. Bc4 Nf6 3. d3 Nc6 4. Nc3 Bb4 5. Bg5 d6 6. Ne2 Bd7 7. O-O h6 8. Bxf6
gxf6 9. Nd5 Bc5 10. Ng3 Nb4 11. Ne3 Bxe3 12. fxe3 Qe7 13. c3 Nc6 14. Qf3 f5 15.
Nxf5 Qg5 16. d4 f6 17. Ng3 O-O-O 18. Rae1 Rdf8 19. Nf5 Kd8 20. Bd5 Ke8 21. Qd1
Nd8 22. Rf3 Bxf5 23. Rxf5 Qg6 24. Ref1 c6 25. Bc4 Ke7 26. a4 h5 27. R1f3 Qg4 28.
Qc2 h4 29. h3 Qg7 30. Qb3 Rh6 31. dxe5 dxe5 32. Qb4+ Ke8 33. Rf2 Qd7 34. Rxe5+
fxe5 35. Qxf8# 1-0

[Event "World Youth Girl U18 2016"]
[Site "Khanty-Mansiysk RUS"]
[Date "2016.09.30"]
[Round "8.25"]
[White "Tao, Rachel Long-Xin"]
[Black "Kolver, Michelle"]
[Result "1-0"]
[WhiteTitle "WCM"]
[BlackTitle "WCM"]
[WhiteElo "1649"]
[BlackElo "1485"]
[WhiteFideId "2616300"]
[BlackFideId "14307839"]
[EventDate "2016.09.22"]

1. e4 c5 2. Nf3 a6 3. c4 Nc6 4. d4 cxd4 5. Nxd4 d6 6. Be2 Bd7 7. O-O g6 8. Be3
Bg7 9. Nc3 Nf6 10. f3 O-O 11. Qd2 Rc8 12. Rac1 Re8 13. Rfd1 Qa5 14. Nb3 Qc7 15.
Nd5 Qb8 16. Nxf6+ Bxf6 17. c5 Be6 18. Rc2 Bxb3 19. axb3 Red8 20. Qe1 dxc5 21.
Rxd8+ Rxd8 22. Bxc5 Bd4+ 23. Kh1 Bxc5 24. Rxc5 e6 25. h3 Qd6 26. Rc1 Qe5 27.
Bxa6 Qxb2 28. Rb1 Qc2 29. Bxb7 Ne5 30. Qc1 Rd2 31. Qxc2 Rxc2 32. Ba6 Kg7 33. b4
Rc6 34. Bf1 Rb6 35. b5 Kf6 36. Ra1 Ke7 37. Ra6 Nd7 38. Rxb6 Nxb6 39. Kh2 Kd6 40.
Kg3 e5 41. Kg4 h6 42. g3 Ke6 43. f4 Kd6 44. h4 Ke6 45. f5+ Kf6 46. Bd3 Nd7 47.
Kf3 Nc5 48. Bc2 Nd7 49. Ke3 Ke7 50. Bb3 g5 51. hxg5 hxg5 52. Bd5 f6 53. Kd3 Kd6
54. Kc3 Kc5 55. Bc6 Nb8 56. Be8 Kd6 57. Kc4 Ke7 58. Bc6 Kd6 59. Bd5 Nd7 60. Kb4
Kc7 61. Bc6 Nb8 62. Kc5 Kc8 63. Kd6 Nxc6 64. bxc6 Kd8 65. g4 Kc8 66. c7 Kb7 67.
Kd7 Ka6 68. c8=Q+ Ka7 69. Qc5+ Ka8 70. Qb5 Ka7 71. Kc7 Ka8 72. Qb8# 1-0

[Event "World Youth Girl U18 2016"]
[Site "Khanty-Mansiysk RUS"]
[Date "2016.10.01"]
[Round "9.1"]
[White "Obolentseva, Alexandra"]
[Black "Heinemann, Josefine"]
[Result "1-0"]
[WhiteTitle "WFM"]
[BlackTitle "WIM"]
[WhiteElo "2331"]
[BlackElo "2242"]
[WhiteFideId "24153648"]
[BlackFideId "12900460"]
[EventDate "2016.09.22"]

1. d4 Nf6 2. c4 g6 3. Nc3 d5 4. Nf3 Bg7 5. e3 O-O 6. cxd5 Nxd5 7. Bc4 Nb6 8. Bb3
c5 9. O-O cxd4 10. Nxd4 Nc6 11. Qe2 a5 12. a3 Nxd4 13. exd4 a4 14. Ba2 e6 15.
Qf3 Qf6 16. Qg3 Qxd4 17. Be3 Qd8 18. Rad1 Nd7 19. Bc5 Re8 20. Bb4 Bf8 21. Nb5
Bxb4 22. Nc7 Bf8 23. Nxa8 Bg7 24. Qc7 Qf6 25. Rd2 e5 26. Rd6 Qe7 27. Rfd1 Nf8
28. Qxe7 Rxe7 29. Nb6 Bg4 30. Rc1 e4 31. Nxa4 e3 32. fxe3 Rxe3 33. Nc3 h5 34.
Kf2 Re7 35. Re1 Rc7 36. h3 Bf5 37. Nd5 Rc2+ 38. Re2 Bd4+ 39. Ne3 Rxe2+ 40. Kxe2
Bxb2 41. Nxf5 gxf5 42. a4 1-0